Statistics for MCU Main Villains

Click here to take the quiz!

General Stats

  • This quiz has been taken 32 times
    (10 since last reset)
  • The average score is 39 of 54

Answer Stats

HintAnswer% Correct
Captain America: The Winter SoldierBucky Barnes / The Winter Soldier
100%
Guardians of the Galaxy: Vol. 2Ego
100%
Thor: RagnarokHela
100%
Captain America: Civil WarHelmut Zemo
100%
ThorLoki
100%
The AvengersLoki
100%
Spider Man: Far From HomeMysterio / Quentin Beck
100%
Guardians of the Galaxy: Holiday SpecialN/A
100%
I Am GrootN/A
100%
Black PantherN'Jadaka / Killmonger
100%
Captain America: The First AvengerRed Skull / Johann Schmidt
100%
Guardians of the GalaxyRonan the Accuser
100%
Avengers: Infinity WarThanos
100%
Avengers: EndgameThanos
100%
Avengers: Age of UltronUltron
100%
What If...?Vultron / Ultron
100%
Spider Man: HomecomingVulture / Adrian Toomes
100%
Iron Man 2Whiplash / Ivan Vanko
100%
Doctor StrangeDormammu
88%
Electro / Max Dillon
88%
Ant-Man and the WaspGhost / Ava Starr
88%
Thor: Love and ThunderGorr the God Butcher
88%
Green Goblin / Norman Osborn
88%
Iron ManIron Monger / Obadiah Stane
88%
Spider Man: No Way HomeLizard / Curt Connors
88%
Sandman / Flint Marko
88%
Doctor Strange in the Multiverse of MadnessScarlet Witch / Wanda Maximoff
88%
Ant-ManYellowjacket / Darren Cross
88%
The Incredible HulkAbomination / Emil Blonsky
75%
WandaVisionAgatha Harkness
75%
Alexander Pierce
75%
Doctor Octopus / Otto Octavius
75%
Kaecilius
75%
Yon-Rogg
75%
Iron Man 3Aldrich Killian / Trevor Slattery
63%
Antonia Dreykov / Taskmaster
63%
Loki: Season OneHe Who Remains
63%
HawkeyeKingpin / Wilson Fisk
63%
Thor: The Dark WorldMalekith
63%
Sonny Burch
63%
Captain MarvelSupreme Intelligence
63%
Black Panther: Wakanda ForeverNamor
50%
The High Evolutionary
50%
Moon KnightArthur Harrow
38%
Black WidowIvan Dreykov
38%
EternalsKro
38%
Shang-Chi and the Legend of the Ten RingsXu Wenwu
38%
Guardians of the Galaxy: Vol. 3Adam Warlock
25%
Secret InvasionGravik
25%
The Falcon and the Winter SoldierKarli Morgenthau
25%
Travis Hayward
25%
Damage Control
13%
She-Hulk: Attorney at LawTodd Phelps
13%
Ms MarvelKamran
0%

Score Distribution

Percentile by Number Answered

Percent of People with Each Score

Your Score History

You have not taken this quiz since the last reset